Cina... o Giappone - Statistics

Statistiche generali
  • Questo quiz è stato fatto 183 volte
  • Il punteggio medio è 10 su 15
Statistiche sulle risposte
Domanda Risposta % Corretto
Fu terra natale di Confucio Cina
96%
Ha partecipato alla Seconda guerra mondiale in quanto membro dell'Asse Giappone
92%
Ospita la "Città Proibita" Cina
88%
La lingua nazionale si scrive tramite ideogrammi Entrambi
88%
Ha una speranza di vita più elevata Giappone
86%
Crisantemo e fiore di ciliegio sono suoi emblemi nazionali Giappone
84%
Paese visitato da Marco Polo Cina
77%
La sua capitale è situata più a nord Cina
70%
Ha o ha avuto un imperatore come capo di Stato Entrambi
67%
La sua capitale ha sbocco sul mare Giappone
67%
È uno Stato monopartitico Cina
64%
La sua religione tradizionale è lo shintoismo Giappone
57%
Anticamente il suo nome era "Regno di Wa" Giappone
30%
Ha avuto un periodo conosciuto come "Stati combattenti" / "Stati belligeranti" Entambi
28%
Un tempo esercitava la propria sovranità su Taiwan Entrambi
18%
Nessun quiz corrispondente trovato
Distribuzione punteggi
Percentuale di utenti per punteggio
Percentile per numero di risposta
I tuoi punteggi nel tempo
Non hai fatto questo quiz